logo

Bir Sreshtho Munshi Abdur Rouf Library
Jhenaidah Cadet College

The Reader's digest great world atlas / (Record no. 10231)

MARC details
000 -LEADER
fixed length control field 00993cem a2200301 4500
001 - CONTROL NUMBER
JCCL Control Number 10231
003 - CONTROL NUMBER IDENTIFIER
JCCL marc code BD-JhCC
005 - DATE AND TIME OF LATEST TRANSACTION
control field 20180421180355.0
008 - FIXED-LENGTH DATA ELEMENTS--GENERAL INFORMATION
fixed length control field 180421s19751968enk e eng
020 ## - INTERNATIONAL STANDARD BOOK NUMBER
International Standard Book Number 027600079X :
Terms of availability £5.95
035 ## - SYSTEM CONTROL NUMBER
system control number (BD-JhCC)10231
040 ## - CATALOGING SOURCE
Original cataloging agency DLC
Transcribing agency DLC
Modifying agency DLC
-- BD-JhCC
041 ## - LANGUAGE CODE
Language code of Book eng
050 00 - LIBRARY OF CONGRESS CALL NUMBER
Classification number G1019
Item number .R555 1975
082 00 - DEWEY DECIMAL CLASSIFICATION NUMBER
Classification number 912
Author mark and Year REA 1975
110 2# - MAIN ENTRY--CORPORATE NAME
Corporate name or jurisdiction name as entry element Reader's Digest Association (Great Britain)
245 14 - TITLE STATEMENT
Title The Reader's digest great world atlas /
Statement of responsibility, etc [prepared by the Reader's Digest Association].
250 ## - EDITION STATEMENT
Edition statement 2nd ed., 5th revise[d].
260 ## - PUBLICATION, DISTRIBUTION, ETC. (IMPRINT)
Place of publication, distribution, etc London [etc.] :
Name of publisher, distributor, etc Reader's Digest Association,
Date of publication, distribution, etc 1975.
300 ## - PHYSICAL DESCRIPTION
Pagination 180 p. :
Other physical details ill. (chiefly col.), chiefly col. maps ;
Dimensions 40 cm.
500 ## - GENERAL NOTE
General note "Planned under the direction of the late Frank Debenham."
650 #0 - SUBJECT ADDED ENTRY--TOPICAL TERM
Topical term or geographic name as entry element Atlases
Geographic subdivision Great Britain.
655 #7 -
Genre/form data or focus term World atlases.
Source of term lcgft
700 1# - ADDED ENTRY--PERSONAL NAME
Personal name Debenham, Frank,
Dates associated with a name 1883-1965.
740 0# -
Uncontrolled related/analytical title Great world atlas.
942 ## - ADDED ENTRY ELEMENTS (KOHA)
Source of classification or shelving scheme Dewey Decimal Classification
Koha item type Reference
Holdings
Source of classification or shelving scheme Damaged status Not for loan Home library Current library Shelving location Date of accession Total Checkouts Full call number Barcode Date last seen Copy number Koha item type
Dewey Decimal Classification     JCC Rouf Library JCC Rouf Library General Stacks 04/21/2018   912 REA 1975 13469 04/21/2018 C-1 Reference

JCC Library | Contacts | JCC Home

Last Update on 23 September 2017
Copyright @ 2017-2020 JCC Rouf Library
Rouf Library, Jhenidah Cadet College (JCC), Bangladesh